|
|
|
|
| LEADER |
00000nab a2200000 ar4500 |
| 001 |
vtls011587044 |
| 003 |
SK-MaSNL |
| 005 |
20260305032014.0 |
| 008 |
161018c2016 xo wr|p|||||||000 b|slo |
| 038 |
|
|
|a PPPK
|
| 040 |
|
|
|a PPPKCL
|b slo
|c PPPKCL
|e AACR2
|
| 041 |
0 |
|
|a slo
|
| 044 |
|
|
|a xo
|c SK
|
| 080 |
|
|
|a 027.52
|x (437.6)
|2 2011
|
| 245 |
0 |
0 |
|a Obnova knižnice potrvá dlhšie
|
| 500 |
|
|
|a Autor článku nie je uvedený.
|
| 610 |
2 |
7 |
|a Mestská knižnica (Spišská Belá, Slovensko)
|2 pppkcl
|9 55638
|
| 650 |
0 |
7 |
|a mestské knižnice
|2 pppkcl
|9 70409
|
| 650 |
0 |
7 |
|a rekonštrukcie
|2 pppkcl
|9 24616
|
| 651 |
|
7 |
|a Spišská Belá (Slovensko)
|2 pppkcl
|9 16198
|
| 651 |
|
7 |
|a Kežmarok (Slovensko : okres)
|2 pppkcl
|9 51824
|
| 773 |
0 |
|
|t Podtatranské noviny
|g Roč. LVI, č. 36 (2016), s. 3
|x 1210-2423
|
| 852 |
|
|
|a PPPK
|b KIS3GCP
|
| 999 |
|
|
|c 3318338
|d 3320268
|